Insights

Detalles Bibliográficos
Formato: Electrónico Revista
Lenguaje:inglés
Publicado: [Clifton, N.J.] : Prentice Hall Law & Business, c1987-
Materias:
Acceso en línea:Full text available from Research Library: 06/01/1998 to present

MARC

LEADER 00000nas a2200000 a 4500
001 ssj0012377
003 WaSeSS
005 20200512172242.0
006 m d
007 cr n
008 870623c19879999nyumr p s g 0 a0eng c
010 |a  87645544   |z sn 87007208  
022 |l 0894-3524  |y 0894-3524 
035 |a (WaSeSS)ssj0012377 
037 |b Aspen Publishers, 111 Eighth Avenue, New York, NY 10011 
040 |a NSD  |b eng  |c NSD  |d DLC  |d OCL  |d DLC  |d HUL  |d DLC  |d SYS  |d NSD  |d OCLCQ  |d HVL  |d OCLCQ  |d OCLCF  |d OCLCO  |d RDF  |d WaSeSS 
042 |a nsdp  |a pcc 
043 |a n-us--- 
050 0 0 |a KF1397  |b .I57 
082 0 0 |a 346.73/066/05  |a 347.3066605  |2 19 
130 0 |a Insights (Clifton, N.J.) 
222 0 |a Insights  |b (Clifton, N.J.) 
245 1 0 |a Insights  |h [electronic resource]. 
260 |a [Clifton, N.J.] :  |b Prentice Hall Law & Business,  |c c1987- 
310 |a Monthly 
362 0 |a Vol. 1, no. 1 (July 1987)- 
500 |a "The corporate & securities law advisor." 
500 |a Title from caption. 
500 |a Published: Englewood Cliffs, NJ : Aspen Law & Business, <Feb. 1995->; New York, NY : Aspen Publishers, <Mar. 2003-> 
506 |a License restrictions may limit access. 
588 |a Latest issue consulted: Vol. 19, no. 8 (Aug. 2005). 
650 0 |a Corporation law  |z United States  |v Periodicals. 
650 0 |a Securities  |z United States  |v Periodicals. 
650 7 |a Corporation law.  |2 fast  |0 (OCoLC)fst00879728 
650 7 |a Securities.  |2 fast  |0 (OCoLC)fst01110743 
651 7 |a United States.  |2 fast  |0 (OCoLC)fst01204155 
655 0 |a Electronic journals. 
850 |a DLC  |a MH-L 
853 2 0 |8 1  |a v.  |b no.  |u 12  |v r  |i (year)  |j (month)  |w m  |x 01 
856 4 0 |z Full text available from Research Library: 06/01/1998 to present  |u https://search.proquest.com/publication/32709 
863 4 0 |8 1  |a <6>  |i <1992>  |x provisional